LDR 00928naa#a2200181#i#450# 001 RU\INFRA-M\bibl\114881 005 20260517233911.7 011 ## _a2500-3305 100 ## _a20260227b2026####ek#y0rusy0150####ca 102 ## _aRU 200 1# _aРазвитие когнитивно-ориентированных качеств 
у курсантов МВД с помощью занятий 
восточными единоборствами _eЖурнальная статья 210 1# _aМосква _cОбщество с ограниченной ответственностью «Научно-издательский центр ИНФРА-М» _d2026 215 ## _a6 с. 608 ## _aЖурнальная статья _2local 675 ## _aОбразование. Воспитание. Обучение. Организация досуга. 37 _z 700 #1 _aБумба _gВ. В. 700 #1 _aМилованов _gС. В. 856 4# _anaukaru.ru _u